| 000 | 00713nam a2200217Ia 4500 | ||
|---|---|---|---|
| 001 | 349 | ||
| 003 | AR-BaAGN | ||
| 005 | 20230920102411.0 | ||
| 007 | ta | ||
| 008 | 211206s9999 xx 000 0 spa d | ||
| 040 |
_aAR-BaAGN _bspa _eaacr |
||
| 100 | 1 |
_aBiedma, José Juan, _d1864-1933 _95221 |
|
| 245 | 1 | 0 | _aNoticias biográficas del Libertador D. José de San Martín. |
| 260 |
_aBuenos Aires : _b[editor no identificado], _c1918. |
||
| 300 | _a1 volumen | ||
| 336 |
_2rdacontent _btxt |
||
| 337 |
_2rdamedia _bn |
||
| 338 |
_2rdacarrier _bnc |
||
| 773 | 0 | 8 |
_0348 _927264 _oJJB-694 _tCosas de la época por Antonio Rial y José Rossi. _g(Número 4 de 9 obras encuadernadas juntas) _iEncuadernado con: |
| 942 |
_cLIBRO _2ddc |
||
| 999 |
_c349 _d349 |
||